000 01216cam a22003134a 4500
999 _c6516
_d6516
001 12507636
003 OSt
005 20200129115136.0
008 010820s2002 nyu b 001 0 eng
010 _a 2001048417
020 _a0415252954
040 _aDLC
_cDLC
_dDLC
042 _apcc
082 0 0 _a321.8
_221
_bDEV 2002
245 0 0 _aDevelopment and democracy :
_bwhat have we learned and how? /
_cedited by Ole Elgström and Goran Hyden.
260 _aLondon ;
_aNew York :
_bRoutledge,
_c2002.
300 _axix, 217 p. ;
_c24 cm.
440 0 _aRoutledge/ECPR studies in European political science
_913380
504 _aIncludes bibliographical references and index.
650 0 _aDemocracy.
_91184
650 0 _aEconomic development
_xPolitical aspects.
_97123
650 0 _aComparative government.
_97296
700 1 _aElgström, Ole,
_d1950-
_913381
700 1 _aHydén, Göran,
_d1938-
_913382
856 4 2 _3Publisher description
_uhttp://www.loc.gov/catdir/enhancements/fy0650/2001048417-d.html
906 _a7
_bcbc
_corignew
_d1
_eocip
_f20
_gy-gencatlg
942 _2ddc
_cO_SHELF